|
|
|
|
| LEADER |
00000nab a2200000 a 4500 |
| 001 |
vtls000203563 |
| 003 |
SK-MaSNL |
| 005 |
20260302204045.0 |
| 008 |
190108c1984 xo 0 slo |
| 015 |
|
|
|a SNBRB19rr/mm-uuuuu
|
| 035 |
|
|
|a CL0213676
|
| 040 |
|
|
|a SNKBUCL
|b slo
|c SNKBUCL
|e AACR2
|
| 041 |
0 |
|
|a slo
|
| 044 |
|
|
|a xo
|c SK
|
| 080 |
|
|
|a 331.88(437):331.85
|2 1981
|
| 080 |
|
|
|a 331.85
|2 1981
|
| 100 |
1 |
|
|a Hudák, Eugen
|4 aut
|9 928078
|
| 245 |
1 |
0 |
|a Rekreácie ROH
|b Pre človeka, jeho všestranné blaho
|c Eugen Hudák
|
| 300 |
|
|
|b Obr. 1.
|
| 610 |
2 |
7 |
|a Revolučné odborové hnutie
|2 SNKKA
|9 36449
|
| 650 |
0 |
7 |
|a starostlivosť rekreačná
|2 snkbucl
|9 928079
|
| 655 |
|
7 |
|a články z novín a časopisov
|2 snkbucl
|9 267496
|
| 773 |
0 |
|
|t Národné výbory
|g Č. 26 (1984), s. 10-11
|
| 850 |
|
|
|a Slovenská národná knižnica v Martine
|a MTA001
|
| 852 |
|
|
|a SNK
|b KIS3GCP
|
| 958 |
|
|
|a RK
|
| 992 |
|
|
|a RBX
|
| 999 |
|
|
|c 1471713
|d 1473643
|